000 00253nam a22001217a 4500
008 170306b xxu||||| |||| 00| 0 eng d
041 _aeng
080 _a511
100 _a6
101 _aSHM
245 _aTHE HUMAN BODY
_cPINCHOT.R.B
942 _2udc
_cBK
999 _c6914
_d6914